000 02131nam a22004094a 4500
001 ebr10267562
003 CaPaEBR
006 m u
007 cr cn|||||||||
008 080902s2008 dcua sb 000 0 eng
010 _z 2008038571
020 _z9780309123983 (pbk.)
020 _z9780309123990 (pdf)
040 _aCaPaEBR
_cCaPaEBR
035 _a(OCoLC)560585741
043 _an-us---
050 1 4 _aTD194.6
_b.P83 2008eb
082 0 4 _a363.7/0525
_222
245 0 0 _aPublic participation in environmental assessment and decision making
_h[electronic resource] /
_cPanel on Public Participation in Environmental Assessment and Decision Making ; Thomas Dietz and Paul C. Stern, editors ; Committee on the Human Dimensions of Global Change, Division of Behavioral and Social Sciences and Education.
260 _aWashington, DC :
_bNational Academies Press,
_c2008.
300 _axv, 305 p. :
_bill.
504 _aIncludes bibliographical references (p. 245-297).
533 _aElectronic reproduction.
_bPalo Alto, Calif. :
_cebrary,
_d2013.
_nAvailable via World Wide Web.
_nAccess may be limited to ebrary affiliated libraries.
650 0 _aEnvironmental impact analysis
_xCitizen participation
_xEvaluation.
650 0 _aEnvironmental policy
_xDecision making
_xCitizen participation
_xEvaluation.
650 0 _aEnvironmental policy
_zUnited States
_xDecision making.
650 0 _aAdministrative agencies
_zUnited States
_xDecision making.
650 0 _aAdministrative procedure
_zUnited States
_xCitizen participation.
650 0 _aEnvironmental protection
_zUnited States
_xCitizen participation.
655 7 _aElectronic books.
_2local
700 1 _aDietz, Thomas.
700 1 _aStern, Paul C.,
_d1944-
710 2 _aNational Research Council (U.S.).
_bPanel on Public Participation in Environmental Assessment and Decision Making.
710 2 _aNational Research Council (U.S.).
_bCommittee on the Human Dimensions of Global Change.
710 2 _aebrary, Inc.
856 4 0 _uhttp://site.ebrary.com/lib/rucke/Doc?id=10267562
_zAn electronic book accessible through the World Wide Web; click to view
999 _c23640
_d23640